Statistics for Bordering Countries by Capital City #11

Click here to take the quiz!

General Stats

  • This quiz has been taken 32 times
  • The average score is 6 of 6

Answer Stats

Answer% Correct
Chad
100%
Sudan
100%
South Sudan
94%
Cameroon
90%
D.R. Congo
90%
Republic of the Congo
87%

Score Distribution

Percentile by Number Answered

Percent of People with Each Score

Your Score History

You have not taken this quiz